00513nam a22001697a 450000500170000001000150001702000270003203500140005903700130007308200100008610000170009624500730011326000450018627000660023130000270029750000190032420180328115726.0 aENG-122430 c1495.00a9780199474394 aEN-105962 bDBAD/PUB a315.4 aSaluja, M.R. aMeasuring india :cby M.R. SalujabThe nation's statistical system / aNew DelhibOxford University Pressc2017 bNew Delhie110002a2/11 Ground Floor, Ansari Road, Daryaganj, a615p.c23cm.(Hb)bill. aInclude index